Word Ladder: All You Need Is Love Quiz Stats

 Plays Quiz Updated May 17, 2019

Score 0/24 Timer 04:00
2 Plays Today
Hint Word % Correct
♪ All you need is _____♪ LOVE ♪
98%
Not differentSAME
97.9%
♪ There's nothing you can do that can't be _____♪ DONE ♪
97.6%
Not realFAKE
97.4%
♪ Nothing you can sing that can't be _____♪ SUNG ♪
97.2%
Green citrus fruitLIME
97%
Not deadLIVE
97%
Of sound mindSANE
96.8%
Wash basinSINK
96.6%
♪ No one you can _____ that can't be saved ♪♪ SAVE ♪
96.1%
A mound of sandDUNE
96.1%
A Japanese alcoholic drinkSAKE
95.9%
Hint Word % Correct
♪ Nothing you can say, but you can learn to play the _____ (It's easy) ♪♪ GAME ♪
95.6%
ManureDUNG
95.5%
Became submergedSUNK
95.4%
One of the main trigonometric functionsSINE
95.3%
ArrivedCAME
95%
A large underground chamberCAVE
94.8%
♪ Nothing you can do, but you can learn how to be you in _____ (It's easy) ♪♪ TIME ♪
94.2%
A hinged barrier used to close an opening in a fenceGATE
94.2%
DomesticatedTAME
94%
♪ Nothing you can make that can't be _____♪ MADE ♪
93.7%
To gradually grow faintFADE
93.3%
One of a pairMATE
89.9%

Today's Daily Dose

You're not logged in!

Compare scores with friends on all Sporcle quizzes.
OR
Log In

Show Comments

Extras

Top Quizzes Today


Score Distribution

Your Account Isn't Verified!

In order to create a playlist on Sporcle, you need to verify the email address you used during registration. Go to your Sporcle Settings to finish the process.

Report this User

Report this user for behavior that violates our Community Guidelines.

Details: